| 000 | 01059cam a2200241 4500 | ||
|---|---|---|---|
| 001 | WB3712-08 | ||
| 008 | 000000n2001 000 0 eng u | ||
| 035 | _a(Sirsi) u111524 | ||
| 245 | _aJudge signals support for IR35 | ||
| 260 | _c2001 | ||
| 490 |
_aFinancial Times _v21 March 2001, 4(1) |
||
| 490 |
_aFinancial Times _v20 March 2001, 3(1) |
||
| 520 | _aThe judicial review of the IR35 tax rules has ended, with Mr Justice Burton indicating that they are unlikely to be overturned. Further remarks by the Judge, that it seemed illogical to tax consultants as employees if they were not also to be entitled to employee benefits, could also cost employers £2bn. Although the comment falls outside the remit of the judicial review it may be sufficient to establish consultants' right to employee benefits. | ||
| 590 | _aWB | ||
| 650 | _aCONSULTANTS | ||
| 650 | _aCONTRACTORS | ||
| 650 | _aEMPLOYEE BENEFITS | ||
| 650 | _aIR35 | ||
| 650 | _aJUDICIAL REVIEW | ||
| 650 | _aSELF EMPLOYED | ||
| 690 | _aMANAGEMENT-BUSINESS MANAGEMENT | ||
| 942 | _n0 | ||
| 999 |
_c66460 _d66460 |
||